| 000 | 01061nam a2200289Ia 4500 | ||
|---|---|---|---|
| 005 | 20220317000144.0 | ||
| 008 | 141031s9999 xx 000 0 und d | ||
| 020 | _a9789583011719 | ||
| 100 | 1 |
_aSilva Vallejo, Fabio _d1962- |
|
| 245 | 1 | 0 |
_aYo y mi mundo _c Fabio Silva Vallejo ; ilustraciones Olga Cuellar |
| 250 | _aPrimera edición., primera reimpresión | ||
| 300 |
_a56 páginas _bilustraciones _c17 cm |
||
| 500 | _aIncluye datos biográficos del autor en la solapa | ||
| 650 | 1 | 4 |
_2LEMB _aPoesía infantiles colombianos _ySiglo XX |
| 650 | 1 | 4 |
_2LEMB _aLiteratura infantil colombiana _ySiglo XX |
| 650 | 1 | 4 |
_2LEMB _aAnimales en la literatura |
| 650 | 1 | 4 |
_2LEMB _aImaginación en la literatura |
| 650 | 1 | 4 |
_2LEMB _aNaturaleza en la literatura |
| 700 | 1 |
_aCuéllar Serrano, Olga _eilustradora _916673 |
|
| 942 |
_2loc _cBKINF |
||
| 264 |
_aBogotá _bPanamericana _c2008 |
||
| 336 |
_atexto _btxt _2rdacontent |
||
| 337 |
_asin mediación _bn _2rdamedia |
||
| 338 |
_avolumen _bnc _2rdacarrier |
||
| 040 |
_aCO-BoRNBP _bspa _erda _cCO-BoRNBP |
||
| 084 | _aP SIL6 | ||
| 999 |
_c3250 _d3250 |
||